000 00238nam a22001217a 4500
040 _cHS
082 _a664
100 _aBUNTONG BORARIN
245 _aFood analysis
260 _aRUA
_bBUNTONG BORARIN
_c2011
300 _a102p.
942 _cEK
999 _c8647
_d8647